| 000 | 00386nab a22001097u 4500 | ||
|---|---|---|---|
| 008 | 130520b2005 xxu||||| |||| 00| 0 spa d | ||
| 041 | _aspa | ||
| 100 | 1 |
_aRodríguez Campos, William _977903 |
|
| 245 | 0 | 0 |
_aLas historias de vida en las ciencias sociales: más allá del uso _cWilliam Rodríguez Campos |
| 773 | 0 |
_tAnthropos _gV.26, nº1-2,2005,págs. 35-58 _x0254-1629 _wRev38 |
|
| 942 | _cAR | ||
| 999 |
_c384893 _d384893 |
||